Správne rozhodnutia manažérov pomôžu znížiť dopady krízy

Finančné krízy sú prirodzeným javom trhovej ekonomiky. Dôležitou úlohou pre vrcholový a stredný manažment by malo byť sústredenie sa na kľúčové priority, ktoré firme zaistia prežitie a nenarušia jej chod. Môže ísť o optimalizáciu procesov, odstraňovanie plytvania a zbytočných nákladov. Vplyv súčasne...

Celý popis

Uložené v:
Podrobná bibliografia
Hlavný autor: Voštenáková, Zuzana
Médium: Kapitola
Jazyk:Slovak
Predmet:
Tagy: Pridať tag
Žiadne tagy, Buďte prvý, kto otaguje tento záznam!

MARC

LEADER 00000naa$a2200000$$$4500
001 0092575
005 20231103071506.4
041 0 |a slo 
044 |a SK 
245 1 0 |a Správne rozhodnutia manažérov pomôžu znížiť dopady krízy  |c Zuzana Voštenáková 
520 |a Finančné krízy sú prirodzeným javom trhovej ekonomiky. Dôležitou úlohou pre vrcholový a stredný manažment by malo byť sústredenie sa na kľúčové priority, ktoré firme zaistia prežitie a nenarušia jej chod. Môže ísť o optimalizáciu procesov, odstraňovanie plytvania a zbytočných nákladov. Vplyv súčasnej ekonomickej krízy na spoločnosti stále rastie, a preto je nevyhnutné prijať krízové riadenie a aktualizovať obchodnú stratégiu. 
610 2 0 |a riadenie podnikové 
610 2 0 |a manažment 
610 2 0 |a kríza hospodárska 
610 2 0 |a kríza finančná 
610 2 0 |a stratégia podniková 
610 2 0 |a náklady 
610 2 0 |a zdroje ľudské 
610 2 0 |a úspory 
100 1 |a Voštenáková, Zuzana